[Event "Tournament (juniors) (under 18)"]
[Site "Buenos Aires (Argentina)"]
[Round "1"]
[White "Pierrot Facundo (ARG)"]
[Black "Robledo Nestor Daniel (ARG)"]
[Result "1-0"]
[WhiteElo "2454"]
[BlackElo "2320"]

1.e4 e6 2.d4 d5 3.Nd2 Nf6 4.e5 Nfd7 5.Bd3 c5 6.c3 Nc6 7.Ne2 cxd4 8.cxd4 f6
9.exf6 Nxf6 10.O-O Bd6 11.Nf3 Qc7 12.Re1 O-O 13.g3 e5 14.dxe5 Nxe5 15.Nxe5
Bxe5 16.Bf4 Bg4 17.Rc1 Qd6 18.Qb3 Bxf4 19.Nxf4 Rf7 20.h3 Bc8 21.Nxd5 Qxd5
22.Re8+ Nxe8 23.Qxd5 {#r} 1-0

[Event "It (open)"]
[Site "Dortmund (Germany)"]
[Round "7"]
[White "Himmel Hansjoerg (GER)"]
[Black "Bukal Vladimir (CRO)"]
[Result "0-1"]
[WhiteElo "2245"]
[BlackElo "2403"]

1.e4 e6 2.d4 d5 3.Nd2 Nf6 4.e5 Nfd7 5.Bd3 c5 6.c3 Nc6 7.Ne2 cxd4 8.cxd4 a5
9.O-O a4 10.Nf3 Be7 11.Nc3 Nb6 12.Be3 Nb4 13.Bb1 Bd7 14.Nd2 a3 15.Qb3 Nc4 {#R}
0-1

[Event "Bundesliga (2nd) North 1992/93"]
[Site "Germany"]
[Round "0"]
[White "Schlaeger Uwe (GER)"]
[Black "Jaehnisch Frank (GER)"]
[Result "1-0"]
[WhiteElo "2193"]
[BlackElo "2225"]

1.e4 e6 2.d4 d5 3.Nd2 Nf6 4.e5 Nfd7 5.Bd3 c5 6.c3 Nc6 7.Ne2 cxd4 8.cxd4 f6
9.f4 Bb4 10.O-O Qb6 11.Kh1 Nxd4 12.Nxd4 Qxd4 13.Nc4 Qc5 14.Nd6+ Ke7 15.a3 Ba5
16.b4 Qc3 17.Rb1 Bb6 18.Bb2 Qc7 19.Qh5 g6 20.Qh6 {#r} 1-0

[Event "Bundesliga 1993/94"]
[Site "Germany"]
[Round "0"]
[White "Schaefer Markus (GER)"]
[Black "Bohn Thomas (GER)"]
[Result "1-0"]
[WhiteElo "2455"]
[BlackElo "2340"]

1.e4 e6 2.d4 d5 3.Nd2 Nf6 4.e5 Nfd7 5.c3 c5 6.Bd3 Nc6 7.Ne2 Qb6 8.Nf3 cxd4
9.cxd4 f6 10.exf6 Nxf6 11.O-O Bd6 12.Bf4 Bxf4 13.Nxf4 Qxb2 14.Rb1 Qa3 15.Ng5
O-O 16.Qc2 Ne4 17.Bxe4 Rxf4 18.Bxd5 {#r} 1-0

[Event "Oberliga NRW 1992/93"]
[Site "Germany"]
[Round "0"]
[White "Kilian Ralf (GER)"]
[Black "Maus Siegfried (GER)"]
[Result "0-1"]
[WhiteElo "2279"]
[BlackElo "2238"]

1.e4 e6 2.d4 d5 3.Nd2 Nf6 4.e5 Nfd7 5.Bd3 c5 6.c3 Nc6 7.Ne2 Qb6 8.Nf3 cxd4
9.cxd4 f6 10.exf6 Nxf6 11.O-O Bd6 12.Nc3 O-O 13.a3 Qd8 14.Bg5 Qe8 15.Re1 Qh5
16.Bxf6 Rxf6 17.Ne5 Qh4 18.Ng4 Bxh2+ 19.Kf1 Rf4 20.f3 Qxg4 {#R} 0-1

[Event "It (open)"]
[Site "Goch (Germany)"]
[Round "1"]
[White "Thanner Hans-Peter (GER)"]
[Black "Schuermann M"]
[Result "1-0"]
[WhiteElo "2079"]
[BlackElo "1735"]

1.e4 e6 2.d4 d5 3.Nd2 Nf6 4.e5 Nfd7 5.c3 c5 6.Bd3 Nc6 7.Ne2 Qb6 8.Nf3 cxd4
9.cxd4 f6 10.exf6 Nxf6 11.O-O Bd6 12.Rb1 Nb4 13.Bf4 Nxd3 14.Qxd3 Bd7 15.Bxd6
Bb5 16.Qa3 Bxe2 17.Rfe1 Bxf3 18.Rxe6+ Kf7 19.Re7+ Kg6 20.Bc5 Qa6 21.Qxf3 Rhg8
22.Qg3+ Kh5 {#r} 1-0

[Event "It (open)"]
[Site "Horni Becva (Czech Republic)"]
[Round "0"]
[White "Borik Juraj (SVK)"]
[Black "Sochor Stanislav (CZE)"]
[Result "0-1"]
[WhiteElo "2198"]
[BlackElo "2092"]

1.e4 e6 2.d4 d5 3.Nd2 Nf6 4.e5 Nfd7 5.Bd3 c5 6.c3 Nc6 7.Ne2 cxd4 8.cxd4 f6
9.exf6 Nxf6 10.O-O Bd6 11.f4 Qb6 12.Nf3 e5 13.fxe5 Nxe5 14.Nxe5 Bxe5 15.Kh1
Bb8 16.Bf5 O-O 17.b3 Bd6 18.Be3 Bxf5 19.Rxf5 Ng4 20.Rxf8+ Rxf8 21.Bg1 Bxh2
22.Qd2 Qd6 23.Qe3 {#R} 0-1

[Event "It (open)"]
[Site "Las Palmas (Spain)"]
[Round "0"]
[White "Rodriguez Amador (ESP)"]
[Black "Matamoros Franco Carlos S (ECU)"]
[Result "0-1"]
[WhiteElo "2490"]
[BlackElo "2555"]

1.e4 e6 2.d4 d5 3.Nd2 Nf6 4.e5 Nfd7 5.Bd3 c5 6.c3 Nc6 7.Ne2 cxd4 8.cxd4 f6
9.exf6 Nxf6 10.O-O Bd6 11.Nf3 O-O 12.Bf4 Bxf4 13.Nxf4 Qd6 14.Ne2 Ng4 15.Ng3
Qf4 16.Qc1 Nxd4 17.Nxd4 Qxd4 18.Qc2 Nf6 19.Qe2 Bd7 20.Rad1 Qh4 21.Bb5 Bxb5
22.Qxb5 Ng4 {#R} 0-1

[Event "It (open)"]
[Site "Philadelphia (USA)"]
[Round "0"]
[White "Brownscombe Tom (USA)"]
[Black "Filatov Leonid (USA)"]
[Result "0-1"]
[WhiteElo "2151"]
[BlackElo "2287"]

1.e4 e6 2.d4 d5 3.Nd2 Nf6 4.e5 Nfd7 5.Bd3 c5 6.c3 Nc6 7.Ne2 cxd4 8.cxd4 f6
9.exf6 Nxf6 10.Nf3 Qc7 11.Bd2 Bd6 12.Rc1 O-O 13.O-O Bd7 14.Bc3 Ng4 15.Ng3 Bf4
16.Rc2 Rf6 17.Re1 Rh6 18.Bd2 Rf8 19.Bxf4 Qxf4 20.h3 Nxf2 21.Kxf2 Nxd4 22.Rd2
Rxh3 23.Ne2 Qh4+ {#R} 0-1

[Event "Ch Europe (juniors) (under 12)"]
[Site "Szombathely (Hungary)"]
[Round "0"]
[White "Ernst Jean-Philippe (BEL)"]
[Black "Smistik Milan (CZE)"]
[Result "0-1"]
[WhiteElo "2069"]
[BlackElo "2335"]

1.e4 e6 2.d4 d5 3.Nd2 Nf6 4.e5 Nfd7 5.Bd3 c5 6.c3 Nc6 7.Ne2 cxd4 8.cxd4 f6
9.Nf4 Qe7 10.Qh5+ Qf7 11.Bg6 hxg6 12.Qxh8 Nxd4 13.Rb1 Nxe5 14.h4 Bd7 15.h5 g5
16.Ne2 Nd3+ 17.Kf1 Nxe2 18.Kxe2 Bb5 19.Kf3 g4+ 20.Kg3 Qc7+ 21.Kh4 Nxf2 {#R}
0-1

[Event "Ch Europe (juniors) (under 16) (g)"]
[Site "Szombathely (Hungary)"]
[Round "0"]
[White "Blazkova Petra (CZE)"]
[Black "Dyce Andrew (WLS)"]
[Result "1-0"]
[WhiteElo "2200"]
[BlackElo "2274"]

1.e4 e6 2.d4 d5 3.Nd2 Nf6 4.e5 Nfd7 5.Bd3 c5 6.c3 Nc6 7.Ne2 cxd4 8.cxd4 f6
9.exf6 Nxf6 10.Nf3 Bd6 11.O-O Qc7 12.Nc3 a6 13.Bg5 O-O 14.a3 g6 15.Bh6 Re8
16.Qc2 Ne7 17.h3 Bd7 18.Rfe1 Rac8 19.Qd2 Nc6 20.Qg5 Be7 21.Bxg6 {#r} 1-0

[Event "Ch Slovakia"]
[Site "Topolcianky (Slovakia)"]
[Round "7"]
[White "Gazi Mikulas (SVK)"]
[Black "Janos Jozef (SVK)"]
[Result "1-0"]
[WhiteElo "2116"]
[BlackElo "2145"]

1.e4 e6 2.d4 d5 3.Nd2 Nf6 4.e5 Nfd7 5.Bd3 c5 6.c3 Nc6 7.Ne2 cxd4 8.cxd4 f6
9.Nf4 Nxd4 10.Qh5+ Ke7 11.Ng6+ hxg6 12.exf6+ Nxf6 13.Qxh8 Kf7 14.f4 Qb6 15.O-O
Ng4 16.Kh1 Nf5 17.Nf3 Bd7 18.b3 Bb5 19.Ng5+ Kf6 20.Bb2+ d4 21.Bxb5 Qxb5 22.Qg8
Qd7 23.Ne4+ Ke7 24.Ba3+ {#r} 1-0

[Event "Ch Slovakia"]
[Site "Topolcianky (Slovakia)"]
[Round "4"]
[White "Plachetka Jan (SVK)"]
[Black "Ruckschloss Karol (SVK)"]
[Result "1-0"]
[WhiteElo "2388"]
[BlackElo "2290"]

1.e4 e6 2.d4 d5 3.Nd2 Nf6 4.Bd3 c5 5.e5 Nfd7 6.c3 Nc6 7.Ne2 cxd4 8.cxd4 Nb4
9.Bb1 b5 10.O-O Nb6 11.f4 Nc4 12.Nf3 Nc6 13.b3 Na3 14.Bd3 Qb6 15.Kh1 a6 16.f5
exf5 17.Bf4 Be6 18.Ng5 Kd7 19.Nxe6 fxe6 {#r} 1-0

[Event "It (open) \"]
[Site "Toronto (Canada)"]
[Round "0"]
[White "Teodoro Roderick (CAN)"]
[Black "Hergott Deen (CAN)"]
[Result "0-1"]
[WhiteElo "2076"]
[BlackElo "2430"]

1.e4 e6 2.d4 d5 3.Nd2 Nf6 4.e5 Nfd7 5.Bd3 c5 6.c3 Nc6 7.Ne2 cxd4 8.cxd4 f6
9.Nf4 Nxd4 10.Qh5+ Ke7 11.Ng6+ hxg6 12.exf6+ Nxf6 13.Qxh8 Kf7 14.Qh4 e5 15.Nb3
Nxb3 16.axb3 e4 17.Be2 Bb4+ 18.Bd2 Bxd2+ 19.Kxd2 Qb6 20.Ra3 Qd4+ 21.Kc2 Bf5
{#R} 0-1

[Event "It (open)"]
[Site "Villa Ballester (Argentina)"]
[Round "7"]
[White "Fuentes Alberto (ARG)"]
[Black "Rodriguez Andres (URU)"]
[Result "0-1"]
[WhiteElo "2315"]
[BlackElo "2505"]

1.e4 e6 2.d4 d5 3.Nd2 Nf6 4.Bd3 c5 5.e5 Nfd7 6.c3 Nc6 7.Ne2 cxd4 8.cxd4 f6
9.exf6 Nxf6 10.Nf3 Bd6 11.Bg5 O-O 12.O-O Qc7 13.Bh4 g6 14.Bg3 Ng4 15.Rc1 Bxg3
16.fxg3 Qg7 17.Qd2 Bd7 18.Bb1 Rae8 19.a3 e5 20.dxe5 Ncxe5 21.Rc7 Rxf3 22.Qxd5+
Rf7 23.Rxd7 Qh6 {#R} 0-1

[Event "It (open)"]
[Site "Breda (Netherlands)"]
[Round "4"]
[White "Parisse Denis (FRA)"]
[Black "Moen Steinar (NOR)"]
[Result "0-1"]
[WhiteElo "1903"]
[BlackElo "2217"]

1.e4 e6 2.d4 d5 3.Nd2 Nf6 4.e5 Nfd7 5.Bd3 c5 6.c3 Nc6 7.Ne2 cxd4 8.cxd4 f6
9.f4 fxe5 10.fxe5 Nxd4 11.O-O Qb6 12.Kh1 Nxe5 13.Nf4 g6 14.b3 Bd7 15.Bb2 O-O-O
16.Rc1+ Kb8 17.Nf3 Ndxf3 18.Rxf3 Nxf3 19.Bxh8 Bd6 20.Qxf3 Rxh8 21.Nxe6 Bxe6
22.Qf6 Rc8 23.Re1 Bg8 {#R} 0-1

[Event "It (open)"]
[Site "Budapest (Hungary)"]
[Round "3"]
[White "Csoke Adrienn (HUN)"]
[Black "Jakab Attila (HUN)"]
[Result "1-0"]
[WhiteElo "2097"]
[BlackElo "2407"]

1.e4 e6 2.d4 d5 3.Nd2 Nf6 4.e5 Nfd7 5.Bd3 c5 6.c3 Nc6 7.Ne2 Qb6 8.Nf3 cxd4
9.cxd4 f6 10.exf6 Nxf6 11.O-O Bd6 12.Bd2 O-O 13.Bc3 Bd7 14.Ng3 Rac8 15.Ne5 Qc7
16.Re1 a6 17.Rc1 Rce8 18.Bb1 Bc8 19.Qd3 g6 20.h3 Nd7 21.Nxg6 Rf6 22.Ne5 Nc5
23.Qe3 {#r} 1-0

[Event "Bayern Oberliga 1994/95"]
[Site "Germany"]
[Round "0"]
[White "Schreiner Richard (GER)"]
[Black "Martin Thomas (GER)"]
[Result "1-0"]
[WhiteElo "2133"]
[BlackElo "2282"]

1.e4 e6 2.d4 d5 3.Nd2 Nf6 4.e5 Nfd7 5.Bd3 c5 6.c3 Nc6 7.Ne2 cxd4 8.cxd4 f6
9.exf6 Nxf6 10.f4 Bd6 11.Nf3 Qb6 12.O-O e5 13.fxe5 Nxe5 14.Nxe5 Bxe5 15.Kh1
Bc7 16.Qe1 O-O 17.Qh4 Bg4 18.Rxf6 Qxf6 19.Bg5 Qe6 20.Qxh7+ Kf7 21.Rf1+ Ke8
22.Bb5+ {#r} 1-0

[Event "Oberliga Mittelrhein 1993/94"]
[Site "Germany"]
[Round "0"]
[White "Sick Oliver (GER)"]
[Black "Novak Petr (GER)"]
[Result "0-1"]
[WhiteElo "2340"]
[BlackElo "2218"]

1.e4 e6 2.d4 d5 3.Nd2 Nf6 4.e5 Nfd7 5.Bd3 c5 6.c3 Nc6 7.Ne2 cxd4 8.cxd4 f6
9.Nf4 Nxd4 10.Qh5+ Ke7 11.Ng6+ hxg6 12.exf6+ Nxf6 13.Qxh8 Kf7 14.O-O e5 15.Nf3
Nxf3+ 16.gxf3 Nh5 17.Be3 Bd7 18.Rfd1 Qh4 19.Qh7 Qf6 20.Bc4 Be6 21.Bxd5 Bxd5
22.Rxd5 Qxf3 23.Rad1 Qg4+ 24.Kf1 Nf6 {#R} 0-1

[Event "It (cat.4)"]
[Site "Marbach (Germany)"]
[Round "0"]
[White "Kveinys Aloyzas (LTU)"]
[Black "Hillermann Vinzenz (GER)"]
[Result "1-0"]
[WhiteElo "2510"]
[BlackElo "2225"]

1.e4 e6 2.d4 d5 3.Nd2 Nf6 4.e5 Nfd7 5.c3 c5 6.Bd3 Nc6 7.Ne2 cxd4 8.cxd4 f6
9.exf6 Nxf6 10.Nf3 Bd6 11.O-O Qc7 12.h3 O-O 13.Be3 Bd7 14.Rc1 Rae8 15.a3 Qb8
16.b4 a6 17.Nc3 Re7 18.Na4 Be8 19.Nc5 h6 20.Be2 g5 21.Ne1 Bf4 22.Bxf4 Qxf4
{#r} 1-0

[Event "Memorial J.Capablanca (b)"]
[Site "Matanzas (Cuba)"]
[Round "11"]
[White "Martin Del Campo Roberto (MEX)"]
[Black "Matamoros Franco Carlos S (ECU)"]
[Result "0-1"]
[WhiteElo "2450"]
[BlackElo "2415"]

1.e4 e6 2.d4 d5 3.Nd2 Nf6 4.Bd3 c5 5.e5 Nfd7 6.c3 Nc6 7.Ne2 cxd4 8.cxd4 f6
9.exf6 Nxf6 10.O-O Bd6 11.f4 Qb6 12.Kh1 O-O 13.Nf3 Bd7 14.Nc3 Ne7 15.Rb1 Kh8
16.g3 Nf5 17.Rg1 Rad8 18.g4 Ne7 19.Qe1 Ne4 20.Nxe4 dxe4 21.Bxe4 Bc6 22.Ne5
Bxe5 {#R} 0-1

[Event "Ch World (juniors) (under 20)"]
[Site "Matinhos (Brazil)"]
[Round "0"]
[White "Vescovi Giovanni (BRA)"]
[Black "Pcola Pavol (SVK)"]
[Result "1-0"]
[WhiteElo "2455"]
[BlackElo "2280"]

1.e4 e6 2.d4 d5 3.Nd2 Nf6 4.e5 Nfd7 5.c3 c5 6.Bd3 Nc6 7.Ne2 cxd4 8.cxd4 f6
9.exf6 Qxf6 10.Nf3 h6 11.O-O Bd6 12.Bc2 Kf7 13.Ng3 Rd8 14.Nh5 Qe7 15.Bf4 Nf8
16.Re1 Bd7 17.Bxd6 Qxd6 18.Ne5+ Nxe5 19.dxe5 Qe7 20.Re3 Be8 21.Rg3 g6 22.Qd2
{#r} 1-0

[Event "Ch Rheinland (juniors) (under 17)"]
[Site "Mendig (Germany)"]
[Round "0"]
[White "Eifler Tim (GER)"]
[Black "Mann Richard (USA)"]
[Result "1-0"]
[WhiteElo "2097"]
[BlackElo "2205"]

1.e4 e6 2.d4 d5 3.Nd2 Nf6 4.e5 Nfd7 5.Bd3 c5 6.c3 Nc6 7.Ne2 cxd4 8.cxd4 Qb6
9.Nf3 f6 10.exf6 Nxf6 11.O-O Bd6 12.Nc3 O-O 13.Re1 a6 14.a3 Qc7 15.Bg5 e5
16.Bxf6 {#r} 1-0

[Event "Olympiad (w)"]
[Site "Moscow (Russia)"]
[Round "7"]
[White "Parveen Tanima (BAN)"]
[Black "Petraki Maria (GRE)"]
[Result "0-1"]
[WhiteElo "2049"]
[BlackElo "2034"]

1.e4 e6 2.d4 d5 3.Nd2 Nf6 4.Bd3 c5 5.e5 Nfd7 6.c3 Nc6 7.Ne2 cxd4 8.cxd4 f6
9.Nf4 Nxd4 10.Qh5+ Ke7 11.Bxh7 Nxe5 12.O-O Qe8 13.Ng6+ Nxg6 14.Qxg6 Qxg6
15.Bxg6 f5 16.Nb3 Ne2+ 17.Kh1 Nxc1 18.Raxc1 Kf6 19.Be8 Bd6 20.Bb5 a6 21.Be2
Rxh2+ 22.Kg1 Bd7 23.f4 Rah8 24.Rf3 Be8 {#R} 0-1

[Event "It (open)"]
[Site "Schwabisch Gmund (Germany)"]
[Round "6"]
[White "Sarre Sascha (GER)"]
[Black "Bruch Ingo (GER)"]
[Result "0-1"]
[WhiteElo "2085"]
[BlackElo "2295"]

1.e4 e6 2.d4 d5 3.Nd2 Nf6 4.e5 Nfd7 5.Bd3 c5 6.c3 Nc6 7.Ne2 cxd4 8.cxd4 f6
9.exf6 Nxf6 10.Nf3 Bd6 11.O-O Qc7 12.Nc3 a6 13.Bg5 O-O 14.Rc1 Bd7 15.Re1 Ng4
16.Bh4 Bxh2+ 17.Kf1 Qf4 18.Ne2 Qh6 19.Bg3 Rxf3 {#R} 0-1

[Event "Ch World (students)"]
[Site "Sofia (Bulgaria)"]
[Round "8"]
[White "Tzermiadianos Angelos (GRE)"]
[Black "Dgebuadze Alexandre (BEL)"]
[Result "0-1"]
[WhiteElo "2213"]
[BlackElo "2544"]

1.e4 e6 2.d4 d5 3.Nd2 Nf6 4.e5 Nfd7 5.Bd3 c5 6.c3 Nc6 7.Ne2 cxd4 8.cxd4 f6
9.exf6 Nxf6 10.Nf3 Bd6 11.Bf4 Bxf4 12.Nxf4 O-O 13.O-O Ne4 14.Ne2 Rxf3 15.gxf3
Ng5 16.f4 Nh3+ 17.Kh1 Qh4 18.Qe1 Nxf4 19.Bb5 Nxe2 20.Qxe2 Nxd4 21.Qd3 e5
22.Ba4 Bf5 23.Qe3 Nf3 {#R} 0-1

[Event "It (open)"]
[Site "Werfen (Austria)"]
[Round "0"]
[White "Mittermayr Gerhard (AUT)"]
[Black "Ziger Silvestar (CRO)"]
[Result "0-1"]
[WhiteElo "2171"]
[BlackElo "2181"]

1.e4 e6 2.d4 d5 3.Nd2 Nf6 4.e5 Nfd7 5.Bd3 c5 6.c3 Nc6 7.Ne2 cxd4 8.cxd4 f6
9.f4 fxe5 10.fxe5 Nxd4 11.O-O Qb6 12.Kh1 Nxe5 13.Nxd4 Qxd4 14.Bb5+ Nc6 15.Qf3
Qf6 16.Qg3 Qg6 17.Qc7 Bd7 18.Qxb7 Rb8 19.Qa6 Rb6 20.Qa4 Bd6 21.Rf3 a6 22.Bd3
Qh5 23.Qd1 Qxh2# 0-1

[Event "Ch RLP (juniors) (under 17)"]
[Site "Wolfstein (Germany)"]
[Round "0"]
[White "Bauer Manfred (GER)"]
[Black "Schmitt Christian (GER)"]
[Result "1-0"]
[WhiteElo "2128"]
[BlackElo "2183"]

1.e4 e6 2.d4 d5 3.Nd2 Nf6 4.e5 Nfd7 5.Bd3 c5 6.c3 Nc6 7.Ne2 Qb6 8.Nf3 cxd4
9.cxd4 f6 10.exf6 Nxf6 11.O-O Bd7 12.Re1 O-O-O 13.Bf4 Nh5 14.Be3 Bd6 15.Nc3
Nf4 16.Bf1 a6 17.Na4 Qc7 18.Rc1 h5 19.Nc5 Bxc5 20.Rxc5 h4 21.Ne5 Nh5 22.Qc2
Rhg8 23.Rc1 g5 24.Bxa6 {#r} 1-0

[Event "It (b) (cat.3)"]
[Site "Budapest (Hungary)"]
[Round "2"]
[White "Dolgener Tobias (GER)"]
[Black "Galyas Miklos (HUN)"]
[Result "1-0"]
[WhiteElo "2260"]
[BlackElo "2310"]

1.e4 e6 2.d4 d5 3.Nd2 Nf6 4.e5 Nfd7 5.Bd3 c5 6.c3 Nc6 7.Ne2 Qb6 8.Nf3 cxd4
9.cxd4 f6 10.exf6 Nxf6 11.O-O Bd6 12.b3 O-O 13.Bb2 Bd7 14.Nc3 Rae8 15.Na4 Qc7
16.Rc1 Qb8 17.Nc5 Bc8 18.Bb5 Bxc5 19.Rxc5 Bd7 20.Bxc6 Bxc6 21.Ne5 Rc8 22.f3
Nd7 23.Rxc6 {#r} 1-0

[Event "It (open)"]
[Site "Cannes (France)"]
[Round "0"]
[White "Voskanian Vahagn (CAN)"]
[Black "Coupet Pascal (FRA)"]
[Result "1-0"]
[WhiteElo "2425"]
[BlackElo "2285"]

1.e4 e6 2.d4 d5 3.Nd2 Nf6 4.e5 Nfd7 5.Bd3 c5 6.c3 Nc6 7.Ne2 Qb6 8.Nf3 cxd4
9.cxd4 Bb4+ 10.Kf1 f6 11.Nf4 O-O 12.Nxe6 Re8 13.Nxg7 Kxg7 14.Nh4 Bf8 15.Qh5
Qxd4 16.Bh6+ Kg8 17.Bxh7+ Kh8 18.Qf7 {#r} 1-0

[Event "Czech League 1995/96 (2nd) (a)"]
[Site "Czech Republic"]
[Round "1"]
[White "Dalecky Bretislav (CZE)"]
[Black "Pospisil Evzen (CZE)"]
[Result "0-1"]
[WhiteElo "2123"]
[BlackElo "2084"]

1.e4 e6 2.d4 d5 3.Nd2 Nf6 4.e5 Nfd7 5.Bd3 c5 6.c3 Nc6 7.Ne2 cxd4 8.cxd4 f6
9.Nf4 Nxd4 10.Qh5+ Ke7 11.Ng6+ hxg6 12.exf6+ Nxf6 13.Qxh8 Kf7 14.O-O e5 15.Nf3
Nxf3+ 16.gxf3 Nh5 17.Qh7 Qf6 18.h4 e4 19.Be2 exf3 {#R} 0-1

[Event "Bayern Landesliga North 1994/95"]
[Site "Germany"]
[Round "0"]
[White "Lehmann Volker"]
[Black "Klos Stefan"]
[Result "1-0"]
[WhiteElo "1990"]
[BlackElo "2050"]

1.e4 e6 2.d4 d5 3.Nd2 Nf6 4.e5 Nfd7 5.Bd3 c5 6.c3 Nc6 7.Ne2 cxd4 8.cxd4 Qb6
9.Nf3 f6 10.exf6 Nxf6 11.O-O Bd6 12.Re1 O-O 13.Nf4 Re8 14.Ng5 Bd7 15.Nh5 Qxd4
16.Nxf6+ gxf6 17.Qh5 Re7 18.Bxh7+ Kf8 19.Nf3 {#r} 1-0

[Event "Bayern Landesliga South 1994/95"]
[Site "Germany"]
[Round "0"]
[White "Beckers Thomas (GER)"]
[Black "Lerch Martin (GER)"]
[Result "0-1"]
[WhiteElo "2030"]
[BlackElo "2066"]

1.e4 e6 2.d4 d5 3.Nd2 Nf6 4.e5 Nfd7 5.Bd3 c5 6.c3 Nc6 7.Ne2 cxd4 8.cxd4 f6
9.Nf4 Nxd4 10.Qh5+ Ke7 11.Ng6+ hxg6 12.Qxh8 Nxe5 13.Qh3 Nxd3+ 14.Qxd3 e5
15.O-O Bf5 16.Qa3+ Kf7 17.Qa4 Bc2 18.b3 a5 {#R} 0-1

[Event "Bayern Regionalliga Southwest 1994/95"]
[Site "Germany"]
[Round "0"]
[White "Wiechmann Gernot"]
[Black "Voss Michael"]
[Result "0-1"]
[WhiteElo "1945"]
[BlackElo "1875"]

1.e4 e6 2.d4 d5 3.Nd2 Nf6 4.e5 Nfd7 5.Bd3 c5 6.c3 Nc6 7.Ne2 cxd4 8.cxd4 Qb6
9.Nf3 f6 10.exf6 Nxf6 11.O-O Bd6 12.Re1 O-O 13.a3 e5 14.dxe5 Nxe5 15.Nxe5 Bxe5
16.h3 Ng4 17.Rf1 Nxf2 18.Rxf2 Qxf2+ 19.Kh1 Bxh3 20.Bxh7+ Kxh7 21.Qd3+ Bf5 {#R}
0-1

[Event "Oberliga East 1995/96 (qual)"]
[Site "Germany"]
[Round "0"]
[White "Wege Jochen (GER)"]
[Black "Hammes Michael (GER)"]
[Result "1-0"]
[WhiteElo "2265"]
[BlackElo "2275"]

1.e4 e6 2.d4 d5 3.Nd2 Nf6 4.Bd3 c5 5.e5 Nfd7 6.c3 Nc6 7.Ne2 cxd4 8.cxd4 f6
9.f4 fxe5 10.fxe5 Nxd4 11.Nxd4 Qh4+ 12.g3 Qxd4 13.Nf3 Bb4+ 14.Kf1 O-O 15.Bxh7+
Kxh7 16.Qxd4 Rxf3+ 17.Kg2 Bc5 18.Qh4+ Kg8 19.Kxf3 Nxe5+ 20.Kg2 Bd7 21.b4 Bb6
22.Bb2 Nc4 23.Qe7 Ne3+ 24.Kh3 {#r} 1-0

[Event "It (open)"]
[Site "Hastings (England)"]
[Round "4"]
[White "Gufeld Eduard (USA)"]
[Black "Cafferty Bernard (ENG)"]
[Result "1-0"]
[WhiteElo "2440"]
[BlackElo "2260"]

1.e4 e6 2.d4 d5 3.Nd2 Nf6 4.e5 Nfd7 5.Bd3 c5 6.c3 Nc6 7.Ne2 cxd4 8.cxd4 f6
9.exf6 Qxf6 10.Nf3 Bb4+ 11.Bd2 Bxd2+ 12.Qxd2 e5 13.dxe5 Ndxe5 14.Nxe5 Qxe5
15.O-O O-O 16.Rac1 d4 17.Ng3 Bd7 18.Qc2 h6 19.Qb3+ Be6 20.Qxb7 Na5 21.Qa6 Bc8
22.Qg6 {#r} 1-0

[Event "It (open)"]
[Site "Katowice (Poland)"]
[Round "1"]
[White "Dubiel Jacek (POL)"]
[Black "Madej Jaroslaw (POL)"]
[Result "1-0"]
[WhiteElo "2360"]
[BlackElo "2087"]

1.e4 e6 2.d4 d5 3.Nd2 Nf6 4.Bd3 c5 5.e5 Nfd7 6.c3 Nc6 7.Ne2 cxd4 8.cxd4 f6
9.exf6 Nxf6 10.Nf3 Bd6 11.O-O Qc7 12.Nc3 a6 13.Bg5 O-O 14.Bh4 Nh5 15.Rc1 g6
16.Be2 Qg7 17.Na4 Nf4 18.Nb6 Nxe2+ 19.Qxe2 Rxf3 20.Qxf3 Qxd4 21.Nxa8 Qxh4
22.g3 Qd8 23.Qb3 Bb8 24.Rxc6 {#r} 1-0

[Event "It (open)"]
[Site "Linares (Spain)"]
[Round "0"]
[White "Del Rio Angelis Salvador G (ESP)"]
[Black "Herraiz Hidalgo Herminio (ESP)"]
[Result "0-1"]
[WhiteElo "2365"]
[BlackElo "2260"]

1.e4 e6 2.d4 d5 3.Nd2 Nf6 4.e5 Nfd7 5.c3 c5 6.Bd3 Nc6 7.Ne2 cxd4 8.cxd4 f6
9.exf6 Nxf6 10.O-O Bd6 11.f4 O-O 12.Nf3 Qb6 13.Kh1 Bd7 14.Nc3 Be8 15.Qe2 Bf7
16.Nb5 Be7 17.Be3 Bh5 18.h3 Ne4 19.Qe1 Nb4 {#R} 0-1

[Event "It"]
[Site "Lippstadt (Germany)"]
[Round "7"]
[White "Stangl Markus (GER)"]
[Black "Sharif Mehrshad (FRA)"]
[Result "0-1"]
[WhiteElo "2560"]
[BlackElo "2465"]

1.e4 e6 2.d4 d5 3.Nd2 Nf6 4.Bd3 c5 5.e5 Nfd7 6.c3 Nc6 7.Ne2 cxd4 8.cxd4 f6
9.exf6 Qxf6 10.Nf3 h6 11.Nf4 Bb4+ 12.Kf1 g5 13.Ng6 Rg8 14.Nfe5 Nxd4 15.Qh5 Nf5
16.f4 Nxe5 17.Nxe5+ Ke7 18.Qe2 gxf4 19.Bxf4 Bc5 20.Bxf5 Qxf5 21.g3 Bd6 22.Kf2
Bd7 23.Rac1 Raf8 24.Qe3 Qxe5 {#R} 0-1

[Event "It (open)"]
[Site "Massy (France)"]
[Round "5"]
[White "Bogdanov Emil (FRA)"]
[Black "Quillien Emmanuel (FRA)"]
[Result "1-0"]
[WhiteElo "2232"]
[BlackElo "2161"]

1.e4 e6 2.d4 d5 3.Nd2 Nf6 4.e5 Nfd7 5.Bd3 c5 6.c3 Nc6 7.Ne2 cxd4 8.cxd4 Qb6
9.Nf3 f6 10.exf6 Nxf6 11.O-O Bd6 12.Bf4 Bxf4 13.Nxf4 O-O 14.Re1 Ne4 15.g3 e5
16.Nxd5 Nxf2 17.Nxb6 Nxd1 18.Nxa8 Nxb2 19.Be4 Bg4 20.Bd5+ Kh8 21.Bxc6 {#r} 1-0

[Event "Ch Czech Chess Union (open)"]
[Site "Prague (Czech Republic)"]
[Round "5"]
[White "Pallova Martina (CZE)"]
[Black "Hrubant Ivan (CZE)"]
[Result "1-0"]
[WhiteElo "2199"]
[BlackElo "2046"]

1.e4 e6 2.d4 d5 3.Nd2 Nf6 4.e5 Nfd7 5.Bd3 c5 6.c3 Nc6 7.Ne2 cxd4 8.cxd4 f6
9.Nf4 Nxd4 10.Qh5+ Ke7 11.Ng6+ hxg6 12.exf6+ Nxf6 13.Qxh8 e5 14.Bxg6 e4 15.O-O
Ne2+ 16.Kh1 Nf4 17.Bh7 Nd3 18.Nb3 Bg4 19.f3 Qb6 20.fxg4 Nf2+ 21.Rxf2 Qxf2
22.Bd2 Rc8 23.Bf5 e3 24.Bxe3 {#r} 1-0

[Event "Tournament (team)"]
[Site "Pribram (Czech Republic)"]
[Round "6"]
[White "Hracek Zbynek (CZE)"]
[Black "Jurek Josef (CZE)"]
[Result "1-0"]
[WhiteElo "2635"]
[BlackElo "2370"]

1.e4 e6 2.d4 d5 3.Nd2 Nf6 4.e5 Nfd7 5.c3 c5 6.Bd3 Nc6 7.Ne2 cxd4 8.cxd4 f6
9.exf6 Nxf6 10.O-O Bd6 11.Nf3 Qc7 12.Bg5 O-O 13.Bh4 Nh5 14.Rc1 g6 15.Bg5 Qg7
16.Be3 Bd7 17.Qd2 Bb4 18.Qc2 Bd6 19.a3 Nf4 20.Nxf4 Bxf4 21.Bb5 Rac8 22.Bxc6
Bxc6 23.Qd2 Qf6 {#r} 1-0